000 00854 a2200289 4500
001 61511
999 _c61511
_d4081
003 TR-AnTOB
005 20230823001127.0
008 070615s2005 tu 00010 tur
020 _a9755129294
035 _a61511
040 _aETU
041 _atur
050 _aDR432
_b.M55 2005
090 _aDR432 .M55 2005
245 0 _aMilli kimlik ve Türkiye'nin geleceği üzerine /
_cYay. Haz. Mustafa Kahramanyol.
264 1 _aAnkara:
_bAnkara Ticaret Odası,
_c2005.
300 _a264s.:
_btabl.;
_c24cm
650 _aNationalism
_zTurkey
_917233
650 7 _aMilliyetçilik
_zTürkiye
_2etuturkob
_97325
651 _aTurkey
_xSocial life and customs
_y20th century
_925425
651 _aTürkiye
_xSosyal yaşam ve gelenekler
_y20. yüzyıl
_925422
700 _aKahramanyol, Mustafa
_918516
901 _a0019740
902 _aGT
942 _cBK